Constitución de la Nación Argentina : incluye los tratados internacionales de derechos humanos con jerarquía constitucional.
Guardado en:
| Autor Corporativo: | |
|---|---|
| Formato: | Libro |
| Publicado: |
Buenos Aires :
Infojus,
2013.
|
| Materias: | |
| Etiquetas: |
Agregar Etiqueta
Sin Etiquetas, Sea el primero en etiquetar este registro!
|
| LEADER | 02569nam a22002535a 4500 | ||
|---|---|---|---|
| 001 | CEM.cems024739 | ||
| 008 | 250627s2013##################000#0#####d | ||
| 005 | 20250630092419.0 | ||
| 245 | 1 | 0 | |a Constitución de la Nación Argentina : |b incluye los tratados internacionales de derechos humanos con jerarquía constitucional. |
| 260 | |a Buenos Aires : |b Infojus, |c 2013. | ||
| 300 | |a 264 p. | ||
| 500 | |a Constitución de la Nación Argentina sancionada por el Congreso General Constituyente el 1º de Mayo de 1853, reformada y concordada por la Convención Nacional ad hoc el 25 de septiembre de 1860 y con las reformas de las Convenciones de 1866, 1898, 1957 y 1994 | ||
| 505 | 0 | |a Constitución de la Nación Argentina -- Tratados internacionales de derechos humanos con jerarquía constitucional -- Declaración americana de los derechos y deberes del hombre -- Declaración universal de los derechos humanos -- Pacto internacional de derechos económicos, sociales y culturales y Pacto internacional de derechos civiles y políticos y su protocolo facultativo aprobada por ley 23.313 -- Pacto internacional de derechos económicos sociales y culturales -- Pacto internacional de derechos civiles y políticos -- Convención para la prevención y la sanción del delito de genocidio, aprobada por decreto-ley 6286/1956 -- Convención internacional sobre la eliminación de todas las formas de discriminación racial aprobada por ley 17.722 -- Convención sobre eliminación de todas las formas de discriminación contra la mujer aprobada por ley 23.179 -- Convención contra la tortura y otros tratos o penas crueles, inhumanas o degradantes aprobada por ley 23.338 -- Convención sobre los derechos del niño aprobada por ley 23.849 -- Convención interamericana sobre desaparición forzada de personas. Aprobada por ley 24.556 -- Convención sobre la imprescriptibilidad de los crímenes de guerra y de los crímenes de lesa humanidad. Aprobada por ley 24.584 | |
| 110 | 2 | |a Argentina. Constitución. | |
| 082 | 0 | 4 | |a 342.82 |
| 653 | |a Argentina-constitución | ||
| 653 | |a Constitución argentina | ||
| 653 | |a Tratados | ||
| 859 | |a CEMS |b BIB. CEMS - Agricultura |h 342.82 |i Ar37-6 |p A3890.25 |t Ej.1 | ||
| 859 | |a CEMS |b BIB. CEMS - 11 de abril |h 342.82 |i Ar37-15 |p 29987.25 |t Ej.1 | ||
| 859 | |a CEMS |b BIB. CEMS - Agricultura |h 342.82 |i Ar37-6 |p A3891.25 |t Ej.2 | ||
| 859 | |a CEMS |b BIB. CEMS - 11 de abril |h 342.82 |i Ar37-15 |p 29988.25 |t Ej.2 | ||
| 859 | |a CEMS |b BIB. CEMS - Agricultura |h 342.82 |i Ar37-6 |p A3892.25 |t Ej.3 | ||
| 859 | |a CEMS |b BIB. CEMS - 11 de abril |h 342.82 |i Ar37-15 |p 29989.25 |t Ej.3 | ||
